Southville International School and Colleges
Your cart is empty.
  • Cart
  • Lists
    Public lists Eva Luna New books Lux_list list_1
    Your lists Log in to create your own lists
  • Log in to your account
  • Your cookies
  • Search history
Southville International School and Colleges
  • Advanced search
  • Recent comments
  • Most popular
  • Libraries

Log in to your account

Log in with GOOGLE


If you do not have an external account, but do have a local account, you can still log in:

  1. Home
  2. MARC view: The magnificent mummy maker /
Normal view MARC view ISBD view

The magnificent mummy maker / (Record no. 35185)

[ view plain ]
MARC details
000 -LEADER
fixed length control field 00681nam a22002417a 4500
003 - CONTROL NUMBER IDENTIFIER
control field Ost
005 - DATE AND TIME OF LATEST TRANSACTION
control field 20140310184528.0
008 - FIXED-LENGTH DATA ELEMENTS--GENERAL INFORMATION
fixed length control field 131118t xxu||||| |||| 00| 0 eng d
020 ## - INTERNATIONAL STANDARD BOOK NUMBER
International Standard Book Number 9780590457439
050 ## - LIBRARY OF CONGRESS CALL NUMBER
Classification number PZ 7
Item number .W8606Mag 1994
100 ## - MAIN ENTRY--PERSONAL NAME
Personal name Woodruff, Elvira.
9 (RLIN) 5590
245 ## - TITLE STATEMENT
Title The magnificent mummy maker /
Remainder of title Elvira Woodruff.
260 ## - PUBLICATION, DISTRIBUTION, ETC. (IMPRINT)
Place of publication, distribution, etc New York :
Name of publisher, distributor, etc Scholastic,
Date of publication, distribution, etc 1994.
300 ## - PHYSICAL DESCRIPTION
Extent 132 p. :
Dimensions 19 cm.
521 ## - TARGET AUDIENCE NOTE
Target audience note
526 ## - STUDY PROGRAM INFORMATION NOTE
Reading level 800
650 ## - SUBJECT ADDED ENTRY--TOPICAL TERM
Topical term or geographic name as entry element Brothers and sisters
General subdivision Fiction.
9 (RLIN) 30477
650 ## - SUBJECT ADDED ENTRY--TOPICAL TERM
Topical term or geographic name as entry element Stepfamilies
General subdivision Fiction.
9 (RLIN) 30478
650 ## - SUBJECT ADDED ENTRY--TOPICAL TERM
Topical term or geographic name as entry element Schools
General subdivision Fiction.
9 (RLIN) 30479
650 ## - SUBJECT ADDED ENTRY--TOPICAL TERM
Topical term or geographic name as entry element Mummies
General subdivision Fiction.
9 (RLIN) 30480
942 ## - ADDED ENTRY ELEMENTS (KOHA)
Source of classification or shelving scheme Library of Congress Classification
Koha item type
Holdings
Withdrawn status Lost status Source of classification or shelving scheme Damaged status Home library Current library Shelving location Date acquired Total Checkouts Full call number Barcode Date last seen Copy number Price effective from Koha item type
    Library of Congress Classification   Luxembourg Library Luxembourg Library Scholastic Reading Center Section 11/18/2013   PZ 7 .W8606Mag 1994 LEX0897 04/18/2017 1 11/18/2013 Books

The magnificent mummy maker /

APA

Woodruff E., . (1994). The magnificent mummy maker. New York: Scholastic.

Chicago

Woodruff Elvira, . 1994. The magnificent mummy maker. New York: Scholastic.

Harvard

Woodruff E., . (1994). The magnificent mummy maker. New York: Scholastic.

MLA

Woodruff Elvira, . The magnificent mummy maker. New York: Scholastic. 1994.

  • Place hold
  • Print
  • Cite
  • Add to your cart (remove)
  • Save record
    BIBTEX Dublin Core MARCXML MARC (non-Unicode/MARC-8) MARC (Unicode/UTF-8) MARC (Unicode/UTF-8, Standard) MODS (XML) RIS
  • More searches
    Search for this title in:
    Other Libraries (WorldCat) Other Databases (Google Scholar) Online Stores (Bookfinder.com) Open Library (openlibrary.org)

Exporting to Dublin Core...

SOUTHVILLE LIBRARY

Southville International School and Colleges Library

1281 Tropical Ave. Cor. Luxembourg St., BF Homes International, Las Pinas City

Tel. No. 8256374 / 252358 Loc. 117/146

Powered by Koha